L L BEAN THE MAKING OF AN AMERICAN ICON (Record no. 7736)

MARC details
000 -LEADER
fixed length control field 00368nam a2200133Ia 4500
008 - FIXED-LENGTH DATA ELEMENTS--GENERAL INFORMATION
fixed length control field 240624s9999 xx 000 0 und d
041 ## - LANGUAGE CODE
Language code of text/sound track or separate title eng
082 ## - DEWEY DECIMAL CLASSIFICATION NUMBER
Classification number 381.4579654 GOR
100 ## - MAIN ENTRY--PERSONAL NAME
Personal name GORMAN LEON
245 ## - TITLE STATEMENT
Title L L BEAN THE MAKING OF AN AMERICAN ICON
260 ## - PUBLICATION, DISTRIBUTION, ETC.
Date of publication, distribution, etc. 2006
Place of publication, distribution, etc. Boston
Name of publisher, distributor, etc. Harvard Businesss School Press
300 ## - PHYSICAL DESCRIPTION
Extent xv, : 304 : p. : cm. ; 23
365 ## - TRADE PRICE
Currency code RS
Price amount 25
Holdings
Withdrawn status Lost status Damaged status Not for loan Home library Current library Shelving location Date acquired Source of acquisition Cost, normal purchase price Full call number Barcode Date last seen Copy number Price effective from Koha item type
        IMTN IMTN Rack 16-B 12/17/2007 OSY 1293.60 381.4579654 GOR 7736 06/24/2024 1 06/24/2024 Books
Designed & Maintained by: LRC IMT Nagpur Contact: lrc@imtnag.ac.in© 2024. All Rights Reserved.